Najlepsza 5 w historii NBA na literę J. - Statystyki

Ogólne statystyki
  • Ten quiz został rozwiązany 196 razy
  • Średni wynik to 4 z 5
Statystyki odpowiedzi
Obrazkowy Odpowiedź % Poprawnych
LeBron James
99%
Michael Jordan
99%
Nikola Jokic
91%
Kareem-Abdul Jabbar
78%
Earvin "Magic" Johnson
77%
Nie znaleziono quizów pasujących do podanych kryteriów
Rozkład punktacji
Procent ludzi z każdym wynikiem
Percentyl według liczby udzielonych odpowiedzi
Twoja historia wyników
Nie rozwiązałeś tego quizu